000
00522nam a2200169Ia 4500
008
090123s9999 xx 000 0 und d
082
_b
35639
100
_a
मायकेल टेटबॉय
245
_a
द लिटील मर्मेड
250
_a
0
260
_b
शेठ
600
_a
मायकेल टेटबॉय
630
_a
द लिटील मर्मेड
700
_a
मायकेल टेटबॉय
730
_a
द लिटील मर्मेड
942
_c
BOOK
999
_c
73706
_d
73706